MARC

LEADER 00000nam0a2200000 4500
001 316323
005 20231102002850.0
020 |a RU  |b 82-71863 
035 |a (RuTPU)RU\TPU\book\341761 
090 |a 316323 
100 |a 20160317d1982 km y0rusy5003 ca 
101 0 |a rus 
102 |a RU 
105 |a a z 001zy 
200 1 |a Состав и генезис мезозойских фосфоритов востока Русской платформы  |f М. И. Карпова  |g Академия наук СССР, Сибирское отделение, Институт геологии и геофизики 
210 |a Москва  |c Наука  |d 1982 
215 |a 128 с.  |c ил., карт., 4 л. ил.  |d 21 см 
320 |9 572  |a Библиогр.: с. 118-127 
606 1 |a Фосфориты  |x Вещественный состав  |2 stltpush  |3 (RuTPU)RU\TPU\subj\64178  |9 81094 
610 1 |a фосфоритовые месторождения 
610 1 |a мезозойские отложения 
610 1 |a геология 
610 1 |a Русская платформа 
610 1 |a типизация 
610 1 |a разрезы 
610 1 |a минералогия 
610 1 |a геохимические особенности 
610 1 |a кристаллохимические свойства 
675 |a 553.64  |z rus  |v 3 
700 1 |a Карпова  |b М. И.  |g Маргарита Ивановна  |4 070 
712 0 2 |a Академия наук СССР  |b Сибирское отделение  |b Институт геологии и геофизики  |c (Новосибирск)  |c (1957-1990)  |2 stltpush  |3 (RuTPU)RU\TPU\col\128  |9 23211 
801 0 |a RU  |b RuMRKP  |c 19950704  |g psbo 
801 1 |a RU  |b 63413507  |c 20160317 
801 2 |a RU  |b 63413507  |c 20200717  |g RCR 
942 |c BK